| 000 | 00529nam a2200181 a 4500 | ||
|---|---|---|---|
| 001 | 2620 | ||
| 005 | 20180713182605.0 | ||
| 008 | 140415s1972 mx 000 0 spa d | ||
| 041 | _aspa | ||
| 082 |
_a972.0614 _bARE |
||
| 100 | 1 | _aARENAS GUZMAN, DIEGO | |
| 245 | 1 | 0 | _aGUANAGUATO EN EL CONGRESO CONSTITUYENTE |
| 250 | _a1a ed. | ||
| 260 |
_aMEXICO : _bTALLERES GRAFICOS DE LA NACION, _c1972 |
||
| 300 | _a201 | ||
| 490 | _aBIBL. DEL INSTITUTO NACIONAL DE ESTUDIOS HISTO... | ||
| 650 | 1 | 4 |
_aMEXICO _xHISTORIA _x1917 |
| 999 |
_c2620 _d2620 |
||